My Chemical Romance S/C/A/R/E/C/R/O/W Lyrics - Statistics

General Stats
  • This quiz has been taken 204 times
    203 since last reset
  • The average score is 248 of 301
Answer Stats
Answer % Correct
scarecrow
100%
the
100%
Everybody
98%
you
98%
a
96%
when
96%
your
96%
from
95%
hide
95%
body
94%
dies
94%
sunlight
94%
to
93%
To
93%
tonight
88%
in
87%
He
86%
I'll
85%
keep
85%
Move
85%
safe
85%
all
83%
All
83%
my
83%
where
83%
skin
80%
We're
80%
I'm
78%
never
77%
run
77%
Run
77%
shape
76%
love
75%
Love
75%
about
74%
burns
72%
Hear
71%
eyes
70%
Make
70%
and
69%
knock
69%
she
69%
wish
69%
childhood
68%
mind
68%
alone
67%
close
65%
me
65%
yeah
62%
black
60%
bunny
60%
Count
60%
cries
60%
seventeen
60%
bird
58%
flies
58%
inside
58%
kiss
57%
skies
56%
Blow
54%
it
54%
this
53%
lies
51%
methane
50%
stop
49%
tear
49%
at
48%
fallout
48%
playground
48%
won't
48%
Bomb
46%
bomb
46%
See
46%
Hold
45%
breath
44%
stain
40%
through
40%
with
40%
dream
38%
dries
36%
Leave
34%
up
34%
Watch
31%
rust
29%
grow
28%
shut
27%
Heat
23%
No matching quizzes found
Score Distribution
Percent of People with Each Score
Percentile by Number Answered
Your Score History
You have not taken this quiz since the last reset